000 00488cam a2200193 4500
001 D11003
008 090401t1985 xxu||||| |||| 00| 0 eng d
035 _a(Sirsi) u97155
041 _aeng
050 _a346.41078
100 _aLewis, Clive
245 4 _aThe conflicting claims of landlord and bank in receivership and insolvency
260 _c1985
350 _a0
520 _aIn Blundell memorial lectures 1985
700 _aBeer, Andrew
942 _n0
948 _c04/03/1997
999 _c98792
_d98792